000 00708nam a2200217Ia 4500
003 GCL
008 140319s9999 xx 000 0 ara d
040 _aGCL /
_cGCL
082 0 4 _a792.028
_bب ا
100 1 _aالحسين على يحيى
245 1 0 _aالعاب للمممثليين وغير الممثلين /
_cالحسين على يحيى
700 1 _aبوال، اوجستو
700 1 _aجاكسون، اديان
300 _a321 ص
490 _aالهيئة العامة للاستعلامات
_v0
650 0 4 _aالمسرح
650 0 4 _aالفنون المسرحية
650 0 4 _aالتمثيل فى المسرح
650 0 4 _aالممثلون والممثلات
942 _2ddc
_cBK
999 _c52027
_d52027